Pushed back to strength : a Black woman's journey home /

Bibliographic Details
Main Author: Gayles, Gloria Jean Wade
Format: Book
Language:English
Published: Boston : Beacon Press, [1993]
Subjects:

MARC

Tag First Indicator Second Indicator Subfields
LEADER 00000cam a2200000 a 4500
001 in00001163321
005 20151001085818.0
008 930318s1993 maua 000 0aeng
010 |a  93010380  
020 |a 0807009229 
035 |a (OCoLC)27895861 
035 |9 AGF9856AM 
040 |a DLC  |c DLC  |d TXA  |d UtOrBLW 
043 |a n-us-tn 
049 |a TXAM 
050 0 0 |a F444.M59  |b N48 1993 
082 0 0 |a 973/.0496073/0092  |a B  |2 20 
100 1 |a Gayles, Gloria Jean Wade. 
245 1 0 |a Pushed back to strength :  |b a Black woman's journey home /  |c Gloria Wade-Gayles. 
264 1 |a Boston :  |b Beacon Press,  |c [1993] 
264 4 |c ©1993 
300 |a xi, 276 pages :  |b illustrations ;  |c 22 cm. 
336 |a text  |b txt  |2 rdacontent 
337 |a unmediated  |b n  |2 rdamedia 
338 |a volume  |b nc  |2 rdacarrier 
600 1 0 |a Gayles, Gloria Jean Wade  |x Childhood and youth. 
600 0 |a African American  |z Tennessee  |z Memphis  |x Biography. 
650 0 |a African American women  |z Tennessee  |z Memphis  |x Biography. 
651 0 |a Memphis (Tenn.)  |x Race relations. 
600 0 |a African American  |z Tennessee  |z Memphis  |x Social conditions. 
999 |a MARS 
999 f f |s 906f82c9-eaed-3bca-9fff-b251e49e0986  |i 06dc21c0-d895-3f3e-aaf7-9c259bf625d6  |t 0 
952 f f |p ric  |a Texas A&M University  |b Rellis Campus  |c Joint Library Facility  |d Remote Storage  |t 0  |e F444.M59 N48 1993  |h Library of Congress classification  |i unmediated -- volume  |m A14818157478 
998 f f |a F444.M59 N48 1993  |t 0  |l Remote Storage